| 000 | 01189nam a22003017a 4500 | ||
|---|---|---|---|
| 005 | 20210325202132.0 | ||
| 008 | s2550 th tha d | ||
| 020 | _a9789748003856 | ||
| 040 | _aNALT | ||
| 041 | _atha | ||
| 050 |
_aAC 159 _bม757 2550 |
||
| 245 | 0 | 0 |
_aมิติชุมชน 24 : _b100 ปี ชาตกาลของ แอร์เฌ ผู้เนรมิตวีรบุรุษผู้สื่อข่าวแตงแตง. |
| 260 |
_aกรุงเทพฯ : _bมิติชุมชน, _c2550 |
||
| 300 |
_a161 หน้า : _bภาพประกอบ ; _c21 ซม. |
||
| 650 | 0 | 4 | _aนส. 3 |
| 650 | 0 | 4 | _aหนังสือแสดงสิทธิ์ที่ดิน |
| 650 | 0 | 4 | _aแอร์เฌ |
| 650 | 0 | 4 | _aนครวาติกัน |
| 650 | 0 | 4 | _aโอเอะ, เค็นซะบุโร |
| 650 | 0 | 4 | _aเบญจมาส |
| 650 | 0 | 4 | _aการคลอดในน้ำ |
| 650 | 0 | 4 | _aกุ้งแคระ |
| 650 | 0 |
_aรวมเรื่อง _9545 |
|
| 650 | 4 |
_aความรู้ทั่วไป _97244 |
|
| 850 | _aNALT | ||
| 942 |
_cGB _2lcc |
||
| 999 |
_c54716 _d54716 |
||
| 998 |
_j _kCRON CRON |
||